School catchment areas drive up house prices (Record no. 117741)
[ view plain ]
| 000 -LEADER | |
|---|---|
| fixed length control field | 00915cam a2200217 4500 |
| 001 - CONTROL NUMBER | |
| control field | WB@3612-446 |
| 008 - FIXED-LENGTH DATA ELEMENTS--GENERAL INFORMATION | |
| fixed length control field | 040721n2004 000 0 eng u |
| 035 ## - SYSTEM CONTROL NUMBER | |
| System control number | (Sirsi) u126881 |
| 245 ## - TITLE STATEMENT | |
| Title | School catchment areas drive up house prices |
| 260 ## - PUBLICATION, DISTRIBUTION, ETC. | |
| Date of publication, distribution, etc. | 2004 |
| 490 ## - SERIES STATEMENT | |
| Series statement | Sainsbury's Bank Press Release |
| Volume/sequential designation | 19 July 2004 (2) |
| 520 ## - SUMMARY, ETC. | |
| Summary, etc. | According to research by Sainsbury's Bank conducted in April 2004, up to 71 000 people will have moved home between April and September 2004 to ensure that they fall into a better school catchment area. The other motivations for moving were: 50 000 people wanting a house with a garden; 47 000 relocating from the city to the country. http://www.sainsburysbank.co.uk/media/index.html |
| 590 ## - LOCAL NOTE (RLIN) | |
| Local note | WB |
| 590 ## - LOCAL NOTE (RLIN) | |
| Local note | WB |
| 650 ## - SUBJECT ADDED ENTRY--TOPICAL TERM | |
| Topical term or geographic name entry element | CATCHMENT AREAS |
| 650 ## - SUBJECT ADDED ENTRY--TOPICAL TERM | |
| Topical term or geographic name entry element | HOUSE PRICES |
| 650 ## - SUBJECT ADDED ENTRY--TOPICAL TERM | |
| Topical term or geographic name entry element | SCHOOLS |
| 650 ## - SUBJECT ADDED ENTRY--TOPICAL TERM | |
| Topical term or geographic name entry element | SURVEYS |
| 690 ## - LOCAL SUBJECT ADDED ENTRY--TOPICAL TERM (OCLC, RLIN) | |
| Topical term or geographic name as entry element | HOUSING-HOUSE PRICES |
| 942 ## - ADDED ENTRY ELEMENTS (KOHA) | |
| Suppress in OPAC | 0 |
| Withdrawn status | Lost status | Source of classification or shelving scheme | Damaged status | Not for loan | Home library | Current library | Shelving location | Date acquired | Total Checkouts | Full call number | Barcode | Date last seen | Copy number | Price effective from | Koha item type |
|---|---|---|---|---|---|---|---|---|---|---|---|---|---|---|---|
| Dewey Decimal Classification | London | London | News article | 21/07/2004 | WB4028-13 | 126881-1001 | 06/08/2019 | 1 | 06/08/2019 | News article |